| 000 | 00847nam a22001935i 4500 | ||
|---|---|---|---|
| 001 | 154677 | ||
| 003 | ES-MaACL | ||
| 005 | 20250807065928.0 | ||
| 008 | 040715s1868 sp |||| | spa d | ||
| 040 |
_aCAM _bspa _cCAM |
||
| 100 | 1 |
_aGorostizaga y Carvajal, José de. _9127483 |
|
| 245 | 1 | 0 | _aDiscurso leído ante el claustro de la Universidad Central por José de Gorostizaga y Carvajal, en el acto... de recibir la investidura de doctor en la Facultad de Medicina. |
| 260 |
_aMadrid : _b[s.n.], _c1868 ( _fOficina Tipográfica del Hospicio) |
||
| 300 |
_a19 p. ; _c27 cm. |
||
| 594 | _aTít. del discurso: El hombre es cosmopolita. ¿Puede o no aclimatarse sobre todos los puntos del globo? | ||
| 650 | 0 | 7 |
_aHombre _2embne _913451 |
| 852 |
_aES-MaACL _jFol-Laf-114 _z-- Rúst. _z-- Legado de Modesto de la Fuente |
||
| 999 |
_c154677 _d154677 |
||